| 000 | 00435nam a2200169Ia 4500 | ||
|---|---|---|---|
| 005 | 20250424120325.0 | ||
| 008 | 250424s9999 xx 000 0 und d | ||
| 022 | _a23845147 | ||
| 050 | _aR 895.A1 .S83/ | ||
| 245 | 0 | _aSub-Saharan African journal of medicine | |
| 260 | _aZaria, Nigeria | ||
| 260 | _bWolters kluwer | ||
| 260 | _c2017 | ||
| 300 | _a116 p. :ill. ; 28 cm. | ||
| 650 | _aMedical sciences--Periodicals | ||
| 942 | _cSR | ||
| 999 |
_c38659 _d38659 |
||